| 000 | 00000nam##2200000za#4500 |
| 001 | 9.574536 |
| 003 | CaOODSP |
| 005 | 20210624184230 |
| 007 | cr ||||||||||| |
| 008 | 150406|2006||||xxc|||||o f|0| 0 eng|d |
| 040 | |aCaOODSP|beng |
| 043 | |an-cn--- |
| 086 | 1 |aTU3-5/06-35E-PDF |
| 110 | 2 |aTransportation Safety Board of Canada. |
| 245 | 10|aCollision with obstacle during take-off - Provincial Airlines Limited de Havilland DHC-6 Twin Otter C-FIZD Port of Goose Bay Dock, Happy Valley, Goose Bay, Newfoundland and Labrador, 06 November 2006 |h[electronic resource] |
| 260 | |aGatineau - Quebec : |bTransportation Safety Board of Canada |c2007. |
| 300 | |a9p.|bfig. |
| 490 | 1 |aAviation investigation report |vA06A0114 |
| 500 | |a"The Board authorized the release of this report on 18 October 2007" --p.8. |
| 590 | |a12-33-Supp|b2012-07-18 |
| 775 | 08|tCollision avec un obstacle pendant le décollage du de Havilland DHC-6 Twin Otter C-FIZD, exploité par Provincial Airlines Limited au quai du port de Goose Bay, Happy Valley Goose Bay (Terre-Neuve et Labrador), le 6 novembre 2006 |w(CaOODSP)9.604280 |
| 830 | #0|aAviation investigation report ;|vA06A0114|w(CaOODSP)9.504825 |
| 856 | 40|ahttp://publications.gc.ca|qPDF|s290 KB|uhttps://publications.gc.ca/collections/collection_2012/bst-tsb/TU3-5-06-35-eng.pdf|yA06A0114 |